[Event "Vereinsmeisterschaft Ilmenauer SV 2024"]
[Site "Ilmenauer SV, EAZ Ilmenau"]
[Date "2024.01.20"]
[Round "1.1"]
[White "Ziganshin, Ainur"]
[Black "Zeising, Benjamin"]
[Result "1-0"]
[WhiteElo "2198"]
[BlackElo "1875"]
[Annotator "Skopp, Erik"]
[PlyCount "53"]
[EventDate "2024.??.??"]
[SourceTitle "Skopp, Erik"]
[WhiteTeam "Ilmenauer SV"]
[BlackTeam "Ilmenauer SV"]

{[%evp 18,53,27,0,0,-37,0,0,0,0,38,51,44,0,77,70,100,107,131,129,122,87,86,94,365,365,473,474,482,479,532,476,685,639,614,617,605,565]} 1. e4 e6 2. d4 d5 3. Nc3 Nf6 4. Bg5 Be7 5. e5 Nfd7 6. Bxe7 Qxe7 7. f4 a6 8. Nf3 c5 9. Qd2 Nc6 10. g3 b5 {C14: French: Classical System: 4 Bg5 Be7 main line.} 11. Bg2 {[%eval -37,33] [%wdl 1,959,40]} (11. a3 $11 {[%eval 0,36] [%wdl 5,990,5]}) 11... Nb6 {[%eval 0,48] [%wdl 5,990,5]} (11... b4 $15 {[%eval -37,33] [%wdl 1,959,40] deserves consideration.} 12. Ne2 O-O) 12. Qf2 cxd4 {The position is equal.} 13. Nxd4 Qc5 {[%eval 38,32] [%wdl 40,959,1]} (13... Nxd4 $11 {[%eval 0,34] [%wdl 5,990,5]} 14. Qxd4 Rb8) 14. Nxc6 $14 Qxc6 15. O-O-O $146 {[%eval 0,36] [%wdl 5,990,5]} (15. Ne2 $14 {[%eval 44,30] [%wdl 54,946,0] might be stronger.}) ({Predecessor:} 15. O-O Bd7 16. Ne2 Qxc2 17. Rac1 Qxb2 18. Qxb6 Qxe2 19. Rf2 Qh5 20. Rc7 Rd8 21. Qd6 {1-0 (34) Van den Bosch,J-Tyroler,A Hamburg 1930}) 15... Bb7 {[%eval 77,28] [%wdl 252,748,0] [#]} (15... O-O $11 {[%eval 0,36] [%wdl 5,990,5]}) 16. Ne2 $1 $16 {White is more active.} Nd7 17. Nd4 Qc7 {[#]} 18. Rhe1 $1 g6 19. g4 {And now f5 would win.} O-O-O 20. f5 {[%cal Bf4f5,Bf5e6,Be6f7][%mdl 32]} Nxe5 $2 {[%eval 365,33] [%wdl 1000,0,0][%mdl 8192] This costs Black the game.} (20... Rde8 $16 {[%eval 94,32] [%wdl 456,544,0]}) 21. fxe6 $18 Nxg4 22. Qxf7 {White is clearly winning.} Qxf7 23. exf7 Rdf8 24. Bh3 h5 {[%eval 685,31] [%wdl 1000,0,0]} (24... Rxf7 $142 {[%eval 476,36] [%wdl 1000,0,0]} 25. Bxg4+ Kb8) 25. Re7 Kb8 26. Bxg4 hxg4 27. Ne6 {Weighted Error Value: White=0.12 (very precise) /Black=0.68.  Loses game:     	---       	Black=1      Mistake:       	White=2     	Black=4      Inaccurate:     	---       	Black=1      OK:         	White=6     	Black=1      Best:        	White=1     	Black=1      Strong:       	White=1     	---} 1-0

[Event "Vereinsmeisterschaft Ilmenauer SV 2024"]
[Site "Ilmenauer SV, EAZ Ilmenau"]
[Date "2024.01.20"]
[Round "1.2"]
[White "Michael, Torsten"]
[Black "Eichenauer, Pascal"]
[Result "0-1"]
[WhiteElo "1680"]
[BlackElo "2118"]
[Annotator "Skopp, Erik"]
[PlyCount "41"]
[EventDate "2024.??.??"]
[SourceTitle "Skopp, Erik"]
[WhiteTeam "Ilmenauer SV"]
[BlackTeam "SV Wuerzburg von 1865 e.V."]

{[%evp 9,41,0,9,17,12,-33,-39,-39,-14,-14,3,0,35,-46,-38,-387,-368,-364,-71,-83,-65,-41,30,17,28,26,77,35,139,117,139,115,246,173]} 1. e4 e5 2. Nc3 Nf6 3. Bc4 Bc5 4. d3 Nc6 5. f4 exf4 6. Bxf4 {C28: Vienna Game: 2...Nf6 3 Bc4 Nc6.} d6 7. Bg5 {[%eval -33,32] [%wdl 1,963,36]} (7. Nf3 $11 {[%eval 12,35] [%wdl 12,985,3]}) 7... h6 $15 8. Bh4 {Black is slightly better.} g5 9. Bg3 Bg4 10. Qd2 Nd4 $146 ({Predecessor:} 10... Qd7 11. Nf3 Bxf3 12. gxf3 Nh5 13. Bb5 a6 14. Ba4 b5 15. Bb3 Nd4 16. Rf1 Nxg3 17. hxg3 {0-1 (34) Schmieder,S (2052)-Briza,J (1941) Marianske Lazne 2016}) 11. h4 {[%eval -46,34] [%wdl 0,938,62]} (11. h3 $14 {[%eval 35,31] [%wdl 36,963,1]} Bh5 12. Bf2) 11... Nh5 12. Nge2 {[%eval -387,26] [%wdl 0,0,1000][%mdl 8192]} (12. Bf2 $15 {[%eval -38,29] [%wdl 1,959,40]}) 12... Nxe2 $19 {[%mdl 64] [#] Remove Defender} 13. Nxe2 Bxe2 $2 {[%eval -71,35] [%wdl 0,793,207]} (13... Qf6 $19 {[%eval -364,30] [%wdl 0,0,1000] and Black stays clearly on top.} 14. e5 dxe5 15. hxg5 hxg5) 14. Qxe2 $17 Nxg3 15. Qf3 {[%csl LRf7,LRg3]} Qe7 {[%eval 30,35] [%wdl 25,974,1]} (15... Nxh1 $2 16. Qxf7#) ({Black should try} 15... d5 $1 $15 {[%eval -41,32] [%wdl 0,955,45]} 16. Qxg3 Bd6) 16. Qxg3 $11 O-O-O {[#] ...d5 would now be deadly.} (16... gxh4 {simplifies} 17. Qxh4 Qxh4+ 18. Rxh4 Ke7) 17. O-O-O Bd4 {[%eval 77,31] [%wdl 251,749,0]} (17... gxh4 $11 {[%eval 26,37] [%wdl 20,979,1] keeps the balance.} 18. Qxh4 Be3+ 19. Kb1 Qxh4 20. Rxh4 Rdg8) 18. Rdf1 {[%eval 35,35] [%wdl 32,967,1]} (18. c3 $16 {[%eval 77,31] [%wdl 251,749,0]} Be5 19. Qf2) 18... f6 {[%eval 139,35] [%wdl 911,89,0]} (18... gxh4 $14 {[%eval 35,35] [%wdl 32,967,1]} 19. Qxh4 (19. Rxh4 Be3+ 20. Qxe3 Qxh4 $16) 19... Qxh4 20. Rxh4 Be3+ 21. Kd1 Bg5) 19. Rf5 Rde8 20. Qf3 Qg7 {[%eval 246,28] [%wdl 1000,0,0]} (20... gxh4 $16 {[%eval 115,33] [%wdl 725,275,0] is a better defense.} 21. Rxh4 c6) 21. h5 {[%mdl 32768] White used his chance.   Weighted Error Value: White=0.52/Black=0.51.  Loses game:     	White=1     	---        Missed win:     	---       	Black=1      Mistake:       	White=3     	Black=4      Inaccurate:     	---       	Black=1      OK:         	White=5     	Black=5      Best:        	White=1     	---       . Loss on time!?} 0-1

[Event "Vereinsmeisterschaft Ilmenauer SV 2024"]
[Site "Ilmenauer SV, EAZ Ilmenau"]
[Date "2024.01.20"]
[Round "1.3"]
[White "Geisshirt, Marco"]
[Black "Lehmann, Georg"]
[Result "1-0"]
[WhiteElo "1998"]
[BlackElo "1632"]
[Annotator "Skopp, Erik"]
[PlyCount "49"]
[EventDate "2024.??.??"]
[SourceTitle "Skopp, Erik"]
[WhiteTeam "SG Barchfeld/Breitungen"]
[BlackTeam "ESV Lok Meiningen"]

{[%evp 16,49,21,-28,-24,-32,-28,-24,51,36,117,99,306,293,282,195,207,116,296,290,332,326,685,674,672,589,592,557,571,508,500,407,691,692,29987,29988]} 1. e4 c5 2. Nf3 d6 3. Bb5+ Bd7 4. Bxd7+ Nxd7 5. O-O Ngf6 6. Re1 g6 7. c3 Bg7 8. d4 O-O 9. e5 {[%eval -28,34] [%wdl 1,973,26]} (9. Qe2 $142 {[%eval 21,32] [%wdl 18,980,2]}) 9... dxe5 $11 {B52: Sicilian: Moscow Variation with 3...Bd7.} 10. dxe5 Ng4 11. e6 fxe6 {[%eval 51,35] [%wdl 79,921,0]} (11... Nde5 $1 $11 {[%eval -24,34] [%wdl 1,979,20]}) 12. h3 $14 Nh6 $146 {[%eval 117,29] [%wdl 767,233,0]} (12... Nge5 $14 {[%eval 36,35] [%wdl 37,962,1]} 13. Ng5 Nb6) ({Predecessor:} 12... Nge5 13. Ng5 Rf6 14. f4 Nc6 15. Nxe6 Rxe6 16. Rxe6 Nde5 17. Qe2 Nd3 18. Na3 a6 {0-1 (49) Ellenbroek,T (1986)-Ottens,S (2057) Germany 2019}) 13. Ng5 {White is more active.} (13. Bxh6 {simplifies} Bxh6 14. Qb3 Qb6 15. Rxe6 Qxb3 16. axb3 Rfe8 17. Na3) 13... Qc8 $2 {[%eval 306,30] [%wdl 1000,0,0]} (13... Ne5 $16 {[%eval 99,31] [%wdl 542,458,0]}) 14. Nxe6 $18 (14. Rxe6 Nb6 $14) 14... Rf7 15. Ng5 {[%csl Oe7][%mdl 64] Deflection} Rf5 16. Rxe7 {[%eval 116,33] [%wdl 749,251,0]} (16. Na3 $18 {[%eval 207,27] [%wdl 998,2,0]}) 16... Nf6 $2 {[%eval 296,33] [%wdl 1000,0,0]} (16... Ne5 $16 {[%eval 116,33] [%wdl 749,251,0] is a better defense.}) 17. Na3 Rd5 18. Qb3 {Strongly threatening Ne4.} Qd8 $2 {[%eval 685,25] [%wdl 1000,0,0] [#]} (18... Nf5 {[%eval 326,28] [%wdl 1000,0,0]}) 19. Rxg7+ $1 {[%mdl 576] Decoy} Kh8 {[#]} 20. Be3 $1 Rxg5 21. Rd1 Qf8 {Black is weak on the dark squares} 22. Bxg5 Qxg7 23. Qe6 Nfg8 {[%eval 691,28] [%wdl 1000,0,0]} (23... Nhg8 $142 {[%eval 407,32] [%wdl 1000,0,0]} 24. Qe3 b6) 24. Rd7 Qf8 25. Qe5+ {Black got outplayed after the opening.   Weighted Error Value: White=0.39/Black=1.37.  Loses game:     	---       	Black=2      Mistake:       	White=1     	Black=4      Inaccurate:     	White=1     	Black=1      OK:         	White=6     	Black=5      Best:        	White=1     	---} 1-0

[Event "Vereinsmeisterschaft Ilmenauer SV 2024"]
[Site "Ilmenauer SV, EAZ Ilmenau"]
[Date "2024.01.20"]
[Round "1.4"]
[White "Richter, Frank"]
[Black "Schenk, Stefan"]
[Result "1/2-1/2"]
[WhiteElo "1612"]
[BlackElo "1909"]
[Annotator "Skopp, Erik"]
[PlyCount "59"]
[EventDate "2024.??.??"]
[SourceTitle "Skopp, Erik"]
[WhiteTeam "Ilmenauer SV"]
[BlackTeam "Ilmenauer SV"]

{[%evp 9,59,-49,3,0,32,-54,-57,-72,33,0,28,5,4,8,34,-16,-13,-37,31,0,35,28,35,27,32,0,56,0,0,-27,-29,-32,0,-32,-39,-37,-50,-314,-149,-124,-96,-346,0,-113,0,0,0,0,0,0,0,-320]} 1. f4 c5 2. Nf3 Nc6 3. e4 d5 4. e5 Bg4 5. c3 d4 {[%eval 3,33] [%wdl 8,987,5]} (5... e6 $15 {[%eval -49,32] [%wdl 0,916,84]}) 6. Bb5 $11 {B21: Sicilian: 2 f4 and Morra Gambit.} e6 $146 ({Predecessor:} 6... Qd5 7. O-O e6 8. c4 Qd7 9. d3 Nge7 10. h3 Bxf3 11. Qxf3 h5 12. Nd2 h4 13. Ne4 {1-0 (40) Zhurzha,S-Truskavetsky,A (2371) Kerch 2021}) 7. O-O {[%eval -54,34] [%wdl 0,898,102]} (7. Bxc6+ $14 {[%eval 32,40] [%wdl 33,966,1]} bxc6 8. d3) 7... Nge7 $15 8. c4 {Black is slightly better.} Nf5 {[%eval 33,38] [%wdl 35,964,1]} (8... a6 $17 {[%eval -72,34] [%wdl 0,771,229]} 9. Ba4 Rb8) 9. h3 h5 {[%cal Od4d3]} 10. d3 (10. hxg4 hxg4 11. Ng5 Ng3 $16) (10. Bxc6+ $5 bxc6 11. hxg4 hxg4 12. Ng5 $14) 10... Bxf3 11. Qxf3 Qb6 12. Na3 {[%eval -16,36] [%wdl 2,986,12]} ({White should try} 12. g3 $14 {[%eval 34,34] [%wdl 33,966,1]}) 12... a6 13. Bxc6+ bxc6 {[%eval 31,46] [%wdl 27,972,1]} ({Black should play} 13... Qxc6 $15 {[%eval -37,43] [%wdl 1,961,38]} 14. Qxc6+ bxc6) 14. Nc2 Rc8 15. Rb1 h4 16. Bd2 a5 17. a3 a4 {[%eval 56,36] [%wdl 95,905,0]} (17... Be7 $11 {[%eval 0,43] [%wdl 5,990,5]}) 18. Na1 {[%eval 0,45] [%wdl 5,991,4]} (18. b3 $14 {[%eval 56,36] [%wdl 95,905,0]}) 18... Be7 $11 19. b4 O-O 20. bxc5 Qxc5 21. Bb4 (21. Rb7 $5 {[%cal Rd2b4]} Qxa3 22. Rfb1 $11 (22. Nc2 $2 Qa2 $19)) 21... Qa7 {...c5 is the strong threat.} 22. Bxe7 Qxe7 23. Rb4 $2 {[%eval -314,31] [%wdl 0,0,1000][%mdl 8192]} ({White must play} 23. Nc2 $15 {[%eval -50,32] [%wdl 0,935,65]}) 23... Rb8 {[%eval -149,36] [%wdl 0,55,945]} (23... Ng3 $19 {[%eval -314,31] [%wdl 0,0,1000]} 24. Re1 Rb8) 24. Rfb1 $17 Rxb4 25. Rxb4 {[%eval -346,27] [%wdl 0,0,1000] [#]} (25. axb4 $17 {[%eval -96,31] [%wdl 0,522,478]} c5 26. b5) 25... Qc5 $2 {[%eval 0,36] [%wdl 4,992,4]} (25... f6 $1 $19 {[%eval -346,27] [%wdl 0,0,1000][%cal Rf6e5]} 26. exf6 (26. Rxa4 $2 {perishes.} Ng3 $19) (26. Qxc6 $2 {loses.} fxe5 27. Qb7 Qxb7 $19) 26... Qxf6) 26. Qd1 {[%eval -113,33] [%wdl 0,305,695] [#]} (26. Nc2 $11 {[%eval 0,36] [%wdl 4,992,4] remains equal.}) 26... Ra8 {[%eval 0,55] [%wdl 4,992,4]} (26... Ng3 $1 $17 {[%eval -113,33] [%wdl 0,305,695] White must now prevent ...f6.} 27. Rxa4 f6) 27. Rxa4 $11 {The position is equal.} Rb8 28. Nb3 Qe7 29. Nd2 Ne3 30. Qc1 $2 {[%eval -320,30] [%wdl 0,0,1000][%mdl 40960] Weighted Error Value: White=0.50/Black=0.48.  Loses game:     	White=3     	---        Missed win:     	---       	Black=2      Mistake:       	White=4     	Black=4      Inaccurate:     	White=5     	Black=5      OK:         	White=5     	Black=5      Best:        	---       	Black=1     . An unexpected result.} (30. Qf3 $11 {[%eval 0,44] [%wdl 4,992,4]}) 1/2-1/2

[Event "Vereinsmeisterschaft Ilmenauer SV 2024"]
[Site "Ilmenauer SV, EAZ Ilmenau"]
[Date "2024.01.20"]
[Round "1.5"]
[White "Dudeja, Iresh"]
[Black "Boehmer, Leon"]
[Result "0-1"]
[WhiteElo "1587"]
[BlackElo "974"]
[Annotator "Skopp, Erik"]
[PlyCount "43"]
[EventDate "2024.??.??"]
[SourceTitle "Skopp, Erik"]
[WhiteTeam "Ilmenauer SV"]
[BlackTeam "Ilmenauer SV"]

{[%evp 9,43,-32,-12,-18,9,-34,11,-4,0,-41,0,-30,-18,-21,-21,-25,-19,-89,-26,-89,-96,-402,-389,-382,-372,-557,-550,-574,-574,-638,-618,-610,-597,-600,-602,-648]} 1. d4 d5 2. g3 c5 3. e3 Nf6 4. Bg2 Bf5 5. Nf3 e6 6. O-O {[%cal Oc2c4] D00: 1 d4 d5: Unusual lines.} Nc6 7. b3 {[%eval -34,31] [%wdl 1,961,38]} (7. c4 $11 {[%eval 9,33] [%wdl 10,986,4] should be considered.}) 7... b5 $146 {[%eval 11,45] [%wdl 11,986,3]} (7... cxd4 $15 {[%eval -34,31] [%wdl 1,961,38]} 8. exd4 Be7) ({Predecessor:} 7... cxd4 8. exd4 Be7 9. Bb2 O-O 10. Nbd2 h6 11. Re1 Rc8 12. a3 b5 13. c3 a5 {1-0 (78) Gledura,B (2652)-Kollars,D (2635) Chess.com INT 2022}) 8. Bb2 {[%cal Oc2c4] The position is equal.} c4 9. a3 {[%eval -41,31] [%wdl 1,947,52] Dodges Nb4} (9. Ne5 $11 {[%eval 0,44] [%wdl 6,988,6] deserves consideration.} Rc8 10. a4) 9... a5 {[%eval 0,32] [%wdl 6,988,6]} (9... h5 $15 {[%eval -41,31] [%wdl 1,947,52]}) 10. Nh4 Be4 11. f3 Bg6 12. Nxg6 hxg6 13. e4 {[%eval -89,29] [%wdl 0,591,409]} (13. a4 $11 {[%eval -19,31] [%wdl 2,983,15]} b4 14. c3) 13... Qc7 {[%eval -26,32] [%wdl 1,978,21] Black has more active pieces. The white rooks are passive.} ({Black should try} 13... Qb6 $17 {[%eval -89,29] [%wdl 0,591,409] White must now prevent ...cxb3.} 14. c3 a4 15. bxa4 Rxa4) 14. exd5 {[%eval -89,30] [%wdl 0,590,410]} (14. e5 $11 {[%eval -26,32] [%wdl 1,978,21] remains equal.} Nd7 15. f4) 14... Nxd5 $17 15. Qe2 {[%eval -402,32] [%wdl 0,0,1000][%mdl 8192] [#] Dodges Ne3. Now White is beyond hope.} (15. Qd2 $17 {[%eval -96,36] [%wdl 0,500,500]}) 15... c3 $1 $19 {[%mdl 512]} 16. Nxc3 Nxd4 {Excellent horsemanship.} 17. Qe1 {[%eval -557,31] [%wdl 0,0,1000]} (17. Qe4 {[%eval -372,32] [%wdl 0,0,1000] is a better defense.} Bc5 18. Rf2) 17... Nxc3 {Black is clearly winning.} 18. Bxc3 {[#]} Qxc3 {[%mdl 512]} 19. Qe4 (19. f4 Qxe1) 19... Rd8 {...Bc5 is the strong threat.} 20. Rad1 Bc5 {( -> ...Ne2+)} 21. Kh1 O-O ({Inferior is} 21... Qxc2 22. Rxd4 Qxe4 23. Rxd8+ Kxd8 24. fxe4 $19) 22. h4 {Weighted Error Value: White=0.63/Black=0.16 (very precise) .  Loses game:     	White=1     	---        Mistake:       	White=5     	Black=3      Inaccurate:     	White=1     	Black=1      OK:         	White=3     	Black=2      Best:        	---       	Black=1      Brilliant:      	---       	Black=1} 0-1

[Event "Vereinsmeisterschaft Ilmenauer SV 2024"]
[Site "Ilmenauer SV, EAZ Ilmenau"]
[Date "2024.01.20"]
[Round "1.6"]
[White "Eisenbach, Markus"]
[Black "Hartung, Markus"]
[Result "1/2-1/2"]
[WhiteElo "1404"]
[BlackElo "1584"]
[Annotator "Skopp, Erik"]
[PlyCount "65"]
[EventDate "2024.??.??"]
[SourceTitle "Skopp, Erik"]
[WhiteTeam "Ilmenauer SV"]
[BlackTeam "Ilmenauer SV"]

{[%evp 9,65,-138,47,-4,78,2,2,0,21,0,20,22,36,21,23,-17,26,-8,-8,-7,-9,-13,-6,-21,158,135,281,263,465,326,332,320,471,416,485,382,375,371,358,163,321,24,39,24,25,24,129,0,367,337,338,0,0,0,0,0,0,0]} 1. c4 e5 2. Nc3 Nf6 3. Nf3 Nc6 4. e4 Bc5 5. d3 h6 $2 {[%eval 47,32] [%wdl 74,925,1]} (5... Ng4 $1 $17 {[%eval -138,35] [%wdl 0,89,911][%cal Rg4f2]} 6. d4 (6. Bg5 $2 Bxf2+ 7. Kd2 f6 $19) 6... exd4) 6. Be2 {[%eval -4,37] [%wdl 5,987,8] A28: English Opening: Four Knights Variation.} (6. Nxe5 $1 $14 {[%eval 47,32] [%wdl 74,925,1]} Nxe5 7. d4) 6... a6 {[%eval 78,31] [%wdl 297,703,0]} (6... d6 $11 {[%eval -4,37] [%wdl 5,987,8]}) 7. a3 {[%eval 2,42] [%wdl 7,988,5]} (7. Nxe5 $1 $16 {[%eval 78,31] [%wdl 297,703,0][%cal Oe1g1] Black must now prevent 0-0!} Nxe5 8. d4) 7... d6 8. h3 Be6 9. Be3 $146 (9. b4 $5 {[%cal Rb4c5]} Ba7 10. Be3 $11) ({Predecessor:} 9. O-O Qd7 10. Be3 Nd4 11. Bxd4 exd4 12. Nd5 c6 13. Nf4 g5 14. Nxe6 Qxe6 15. Nh2 {½-½ (32) Rosario Almanzar,R (1882)-Yakubbaeva,N (2299) Chennai 2022}) 9... Bxe3 10. fxe3 O-O {[%cal Ob7b5]} 11. O-O Ne7 12. c5 {[%eval -17,32] [%wdl 2,985,13]} d5 {[%eval 26,36] [%wdl 21,978,1]} (12... Ng6 {[%eval -17,32] [%wdl 2,985,13] is superior.}) 13. exd5 Nexd5 14. Qd2 Nxc3 {[%csl Od3][%mdl 64] Remove Defender} 15. Qxc3 e4 16. Nd4 {[%cal Bf3d4,Bd4f5,Bf5h6][%mdl 32]} Bd5 $2 {[%eval 158,31] [%wdl 968,32,0]} ({Better is} 16... Nd5 $11 {[%eval -21,39] [%wdl 1,984,15]} 17. Qd2 Qg5 18. Nxe6 fxe6) 17. Nf5 {White is much more active.} exd3 {[%eval 281,32] [%wdl 1000,0,0]} (17... Be6 $16 {[%eval 135,33] [%wdl 892,108,0] was necessary.}) 18. Bxd3 $18 Re8 $2 {[%eval 465,32] [%wdl 1000,0,0] [#]} (18... Be6 {[%eval 263,32] [%wdl 1000,0,0]} 19. Nxh6+ Kh8) 19. Nxh6+ $1 {[%mdl 576] Deflection} Kf8 20. Nf5 {Repels Qe7} Re6 {[%eval 471,31] [%wdl 1000,0,0]} (20... Be6 {[%eval 320,33] [%wdl 1000,0,0] is a better defense.} 21. Nxg7 Kxg7) 21. Rae1 Bc6 22. Nd4 Re8 23. Nxc6 bxc6 24. b4 {[%eval 163,31] [%wdl 973,27,0]} (24. e4 $142 {[%eval 358,29] [%wdl 1000,0,0]}) 24... a5 $2 {[%eval 321,27] [%wdl 1000,0,0]} (24... Nd5 {[%eval 163,31] [%wdl 973,27,0]} 25. Qc1 Nf6) 25. Qb3 $2 {[%eval 24,39] [%wdl 16,983,1]} ({Not} 25. bxa5 Nd5 26. Qc4 Qg5 $18) (25. e4 $18 {[%eval 321,27] [%wdl 1000,0,0]}) 25... Qd7 26. Bc4 axb4 27. axb4 Re7 {[%eval 129,32] [%wdl 840,160,0] [#]} (27... Re4 $11 {[%eval 24,37] [%wdl 16,983,1] keeps the balance.}) 28. e4 {[%eval 0,35] [%wdl 4,992,4]} Rae8 $2 {[%eval 367,48] [%wdl 1000,0,0][%mdl 8192]} (28... Qd4+ $11 {[%eval 0,35] [%wdl 4,992,4] and Black has nothing to worry.} 29. Kh2 Rae8) 29. Rd1 Qc8 {[#]} 30. e5 {[%eval 0,47] [%wdl 4,992,4]} Rxe5 $11 {The position is equal.} 31. Bxf7 Re3 32. Qc4 R3e4 $1 33. Qb3 {Weighted Error Value: White=0.72/Black=0.83.  Loses game:     	---       	Black=1      Missed win:     	White=2     	---        Mistake:       	White=4     	Black=8      Inaccurate:     	White=1     	---        OK:         	White=4     	Black=8      Best:        	White=1     	Black=1      Strong:       	---       	Black=1} 1/2-1/2

[Event "Vereinsmeisterschaft Ilmenauer SV 2024"]
[Site "Ilmenauer SV, EAZ Ilmenau"]
[Date "2024.01.20"]
[Round "1.7"]
[White "Heitmann, Erik"]
[Black "Goerlach, Hanna"]
[Result "1-0"]
[WhiteElo "1563"]
[BlackElo "1377"]
[Annotator "Skopp, Erik"]
[PlyCount "87"]
[EventDate "2024.??.??"]
[SourceTitle "Skopp, Erik"]
[WhiteTeam "Erfurter SK"]
[BlackTeam "Ilmenauer SV"]

{[%evp 11,87,112,154,146,198,206,204,160,239,240,289,289,321,305,317,285,276,203,216,218,215,213,215,194,282,266,264,253,253,-8,-7,-11,-11,-36,-37,-34,-34,-35,-39,-42,-12,-13,-14,-13,0,0,0,0,29990,29991,29996,29997,29997,0,0,0,0,-49,-53,-48,0,0,0,0,0,0,0,0,0,0,0,0,0,0,0,0,0,0]} 1. d4 Nf6 2. c4 d5 3. cxd5 Nxd5 4. e4 Nb6 5. Nc3 e6 6. Nf3 Bb4 {[%eval 154,29] [%wdl 961,39,0]} ({Black should try} 6... Bd6 {[%eval 112,31] [%wdl 716,284,0]}) 7. a3 {D06: Queen's Gambit: Symmetrical and Baltic Defences.} Bxc3+ {[%eval 198,32] [%wdl 996,4,0]} (7... Bd6 $16 {[%eval 146,29] [%wdl 940,60,0]} 8. Bd3 Nc6) 8. bxc3 $18 O-O 9. Be2 {White is clearly better.} N8d7 $146 {[%eval 239,35] [%wdl 1000,0,0]} (9... c5 $16 {[%eval 160,27] [%wdl 971,29,0]} 10. O-O (10. dxc5 Qxd1+ 11. Bxd1 N6d7 $14) 10... Nc6) ({Predecessor:} 9... Nc6 10. a4 h6 11. a5 Nd7 12. O-O b6 13. a6 Nf6 14. Bd3 Nh7 15. e5 f6 16. exf6 Qxf6 {1-0 (25) Voveris,G (2270)-Strobehn,A (1401) ICCF email 2015}) 10. O-O c5 11. a4 {[#] And now a5 would win.} a5 12. Ba3 Qc7 13. Rc1 Rd8 14. Qc2 cxd4 {[%cal Od4d3]} 15. cxd4 ({Less strong is} 15. Nxd4 Nc5 $14) 15... Qxc2 16. Rxc2 {Threatens to win with Bb5.} Nxa4 {Black is weak on the dark squares} 17. Bb5 Nab6 {[%eval 282,40] [%wdl 1000,0,0]} (17... Ndb6 {[%eval 194,34] [%wdl 996,4,0] might work better.}) 18. Bd6 h6 19. Bc7 {This pair of bishops is nice.} Rf8 20. Ne5 $2 {[%eval -8,36] [%wdl 3,990,7]} (20. g4 $18 {[%eval 253,32] [%wdl 1000,0,0]}) 20... Nxe5 $11 21. dxe5 Bd7 $1 22. Bxd7 Nxd7 23. Rd1 Nb8 {White must now prevent ...Rc8.} 24. Rb2 Ra7 25. Bb6 $1 Ra6 {Hoping for ...a4.} 26. Bc5 $1 {[%csl LRb7,LRf8]} Rc8 27. Rxb7 Rxc5 28. Rxb8+ {[%mdl 4096] Endgame. KRR-KRR} Kh7 {[%cal Oa5a4]} 29. f4 g6 $2 {[%eval 32748,39] [%wdl 1000,0,0][%mdl 8192] [#]} (29... a4 $11 {[%eval 0,49] [%wdl 4,992,4]} 30. h4 Rac6) 30. Rdd8 g5 31. Rh8+ Kg6 32. h3 $2 {[%eval 0,47] [%wdl 4,992,4]} (32. Rbg8+ {[%eval 32762,30] [%wdl 1000,0,0] mates} Kh5 33. Rxg5+ Kh4 34. Rxh6#) 32... gxf4 33. Rbg8+ Kh5 34. Rg4 {[%eval -49,44] [%wdl 0,940,60]} (34. Rg7 $1 $11 {[%eval 0,47] [%wdl 4,992,4]}) 34... Rxe5 35. Rxf4 f5 {[%eval 0,67] [%wdl 4,992,4]} (35... Ra7 $1 $15 {[%eval -48,43] [%wdl 0,944,56]} 36. Rf8 Kg6 37. Rg8+ Kh7) 36. exf5 {The position is equal.} exf5 37. Rg8 Rg6 38. g4+ fxg4 39. hxg4+ Kg5 40. Rgf8 Ra6 {...a4 is the strong threat.} 41. Ra4 h5 42. Rg8+ Rg6 43. Ra8 Kh4 44. R4xa5 {[%mdl 32768] Weighted Error Value: White=0.37/Black=0.34.  Loses game:     	---       	Black=1      Missed win:     	White=1     	---        Mistake:       	White=1     	Black=4      Inaccurate:     	---       	Black=1      OK:         	White=10    	Black=10     Best:        	White=6     	Black=3      Strong:       	White=1     	Black=1     . Loss on time!?} 1-0